000 00640nam a2200217Ia 4500
005 20230612121012.0
008 131103s9999 xx 000 0 und d
020 _a719042569
_cGBP 14.99
040 _aLoreto College
041 _aEnglish
082 _a940.21
_b SWA
100 _aSwanson, R.N.
245 4 _aThe twelfth-century renaissance
_cR. N. Swanson
260 _aManchester and New York
_bManchester University Press
_c1999
300 _aix,240p
_b ill
504 _aIncludes bibliography and index
650 _aEurope, History, 12th Century
651 _aRenaissance, 12th Century, Europe
850 _aLCLIB
942 _cBK
999 _c7712
_d58191